| 000 | 00701nam a2200229Ia 4500 | ||
|---|---|---|---|
| 003 | GCL | ||
| 008 | 140319s9999 xx 000 0 ara d | ||
| 040 |
_aGCL / _cGCL |
||
| 082 | 0 | 4 |
_a621.38 _bم ك |
| 100 | 1 | _aمحمد نذير المتنى | |
| 245 | 1 | 0 |
_aكتاب مكافئات الثنائيات / _cمحمد نذير المتنى |
| 300 | _a135 ص | ||
| 490 |
_aالموسوعة الالكترونية _v0 |
||
| 650 | 0 | 4 | _aالثنائيات |
| 650 | 0 | 4 | _aالثنائى الكاشف |
| 650 | 0 | 4 | _aالترياك |
| 650 | 0 | 4 | _aثنائى زينر |
| 650 | 0 | 4 | _aثنائى التقويم |
| 650 | 0 | 4 | _aالدياك |
| 650 | 0 | 4 | _aالثنائى الباعث للضوء |
| 942 |
_2ddc _cBK |
||
| 999 |
_c50568 _d50568 |
||